000 00661nam a2200205 4500
001 127093
003 ES-MaACL
005 20230906192936.0
007 t|
008 070214s1964 sp r ||||1| spa d
100 1 _aRicard, Robert.
_996852
245 1 0 _aEstudios de la literatura religiosa española /
_cRobert Ricard ; [versión castellana de Manuel Muñoz Cortés].
260 _aMadrid :
_bGredos,
_c1964.
300 _a278 p. ;
_c21 cm.
490 1 _aBiblioteca románica hispánica
700 1 _aMuñoz Cortés, Manuel.
_984379
830 0 _aBiblioteca románica hispánica
_9180746
852 _aES-MaACL
_jC-26191
_bR.55087
999 _c127093
_d127093